Процессы и аппараты переработки отходов: учебное пособие

書誌詳細
第一著者: Бобович Б. Б. Борис Борисович
要約:Рассмотрены механические, физические, гидродинамические, массообменные, химические, биохимические и теплообменные процессы, используемые при переработке отходов.Приведен анализ конструкций и даны характеристики основных аппа­ратов, применяемых в технологических процессах переработки отходов и получения из них вторичных материальных и энергетических ресурсов.Изложена отечественная нормативно-правовая база управления отхода­ми. Даны современные представления об обращении с отходами как источ­никами ценных вторичных ресурсов.Учебное пособие предназначено для подготовки студентов, обучающих­ся по специальности «Автомобиле- и тракторостроение», а также бакалав­ров по направлению 280700.62 «Техносферная безопасность» по профилю «Защита окружающей среды», может быть полезно студентам машино­строительных вузов, обучающихся по широкому кругу технических специ­альностей, и инженерно-техническим работникам, занимающимся перера­боткой отходов.
言語:ロシア語
出版事項: Москва, Инфра-М, 2015
シリーズ:Высшее образование. Бакалавриат
主題:
フォーマット: MixedMaterials 図書
KOHA link:https://koha.lib.tpu.ru/cgi-bin/koha/opac-detail.pl?biblionumber=292490

MARC

LEADER 00000nam0a2200000 4500
001 292490
005 20231102000512.0
010 |a 9785911347208 
010 |a 978-5-16-006475-8 
035 |a (RuTPU)RU\TPU\book\317122 
090 |a 292490 
100 |a 20150423d2015 m y0rusy50 ca 
101 0 |a rus 
102 |a RU 
105 |a a j 001zy 
200 1 |a Процессы и аппараты переработки отходов  |e учебное пособие  |f Б. Б. Бобович 
210 |a Москва  |c Инфра-М  |c Форум  |d 2015 
215 |a 287 с.  |c ил. 
225 1 |a Высшее образование. Бакалавриат 
320 |a Библиогр.: с. 282-283. 
330 |a Рассмотрены механические, физические, гидродинамические, массообменные, химические, биохимические и теплообменные процессы, используемые при переработке отходов.Приведен анализ конструкций и даны характеристики основных аппа­ратов, применяемых в технологических процессах переработки отходов и получения из них вторичных материальных и энергетических ресурсов.Изложена отечественная нормативно-правовая база управления отхода­ми. Даны современные представления об обращении с отходами как источ­никами ценных вторичных ресурсов.Учебное пособие предназначено для подготовки студентов, обучающих­ся по специальности «Автомобиле- и тракторостроение», а также бакалав­ров по направлению 280700.62 «Техносферная безопасность» по профилю «Защита окружающей среды», может быть полезно студентам машино­строительных вузов, обучающихся по широкому кругу технических специ­альностей, и инженерно-техническим работникам, занимающимся перера­боткой отходов. 
606 1 |a Промышленные отходы  |x Переработка  |2 stltpush  |3 (RuTPU)RU\TPU\subj\52543  |9 70955 
610 1 |a управление 
610 1 |a экология 
610 1 |a ресурсосбережение 
610 1 |a образование 
610 1 |a технологические процессы 
610 1 |a механические процессы 
610 1 |a переработка 
610 1 |a транспортирование 
610 1 |a измельчение 
610 1 |a сортировка 
610 1 |a физические процессы 
610 1 |a сепарация 
610 1 |a сепарационные процессы 
610 1 |a гидродинамические процессы 
610 1 |a аэродинамические процессы 
610 1 |a массообменные процессы 
610 1 |a теплообменные процессы 
610 1 |a химические процессы 
610 1 |a биохимические процессы 
610 1 |a термические процессы 
610 1 |a радиоактивные отходы 
610 1 |a захоронение 
610 1 |a учебные пособия 
675 |a 658.567.1(075.8)  |v 4 
700 1 |a Бобович  |b Б. Б.  |g Борис Борисович 
801 1 |a RU  |b 63413507  |c 20150423 
801 2 |a RU  |b 63413507  |c 20150828  |g RCR 
900 |a Процессы и аппараты биотехнологии 
900 |a Процессы и аппараты химической технологии 
900 |a Процессы и аппараты защиты окружающей среды 
942 |c BK 
951 |l 8 
959 |a 42/20150415  |d 3  |e 374,90  |f ЧЗТЛ:1  |f УФ:2